Trips; características morfológicas y biológicas.especies de mayor importancia agrícola /
Guardado en:
| Autor Principal: | |
|---|---|
| Formato: | Libro |
| Publicado: |
Buenos Aires :
Hemisferio Sur,
1980
|
| Materias: | |
| Etiquetas: |
Agregar Etiqueta
Sin Etiquetas, Sea el primero en etiquetar este registro!
|
| LEADER | 00810nam a22002175a 4500 | ||
|---|---|---|---|
| 001 | CEM.cems016086 | ||
| 008 | 130507s1980##################000#0#####d | ||
| 005 | 20210914184843.0 | ||
| 003 | CEMS | ||
| 245 | 1 | 0 | |a Trips; características morfológicas y biológicas.especies de mayor importancia agrícola / |c Raúl H Quintanilla, |
| 260 | |a Buenos Aires : |b Hemisferio Sur, |c 1980 | ||
| 300 | |a 60 p. | ||
| 505 | 0 | |a Generalidades.-Suborden gymnocerata(gimnocerados).-Suborden cryptocerata (criptocerados).-Métodos de lucha | |
| 100 | 1 | |a Quintanilla, Raúl H | |
| 082 | 0 | 4 | |a 595.73 |
| 653 | |a Plagas agrícolas | ||
| 653 | |a Trips | ||
| 653 | |a Thysanópteros | ||
| 653 | |a Zoología | ||
| 859 | |a CEMS |b BIB. CEMS - Agricultura |h 595.73 |i Q456 |p A8617.81 |t Ej.1 | ||
| 859 | |a CEMS |b BIB. CEMS - Agricultura |h 595.73 |i Q456 |p A16002.90 |t Ej.2 | ||
